LEADER 01364nam a2200265 4500 001 000000341996 003 CaOOAMICUS 005 20201015095154.0 008 200911s2020 vc 100 u ita r 020 $a978-88-266-0374-2 040 $aSeMil$bita 110 0 $aPontificio Comitato per i Congressi Eucaristici Internazionali.$0(OLS)http://semarc/name/21437 245 10$aSono in te tutte le mie sorgenti :$bin cammino verso il 52. Congresso eucaristico internazionale : Budapest (Ungheria), 13-20 settembre 2020 /$cPontificio Comitato per i Congressi eucaristici internazionali. 250 $a1. rist. 264 3$aCittą del Vaticano :$bLibreria Editrice Vaticana,$c2020. 300 $a207 p. ;$c23 cm 541 0 $aFondo mons. Mario Delpini 650 4$aEucaristia - Atti di congressi.$0(OLS)http://semarc/subject/53334 850 $aSeMil 852 $aSeMil$W1$xVenegono$y1$m3K III 570$j221908$B233026$CSeMilBibl$Z2$F233026 $81 941 1 $a7 996 $6020$a978-88-266-0374-2$9(OLS)http://semarc/number/291200 996 $6245$aSono in te tutte le mie sorgenti :$bin cammino verso il 52. Congresso eucaristico internazionale : Budapest (Ungheria), 13-20 settembre 2020$9(OLS)http://semarc/title/430884 996 $6264$aCittą del Vaticano :$bLibreria Editrice Vaticana$9(OLS)http://semarc/publisher/29734 LEADER 00950nam a2200217 i 4500 001 000000178857 003 CaOOAMICUS 005 20090415000000.0 008 090415s1976 it u000 u ita u 013 $a156432 040 $aSeMil$bita 100 1 $aPapa, Giovanni .$0(OLS)http://semarc/name/66403 245 12$aL'erezione della Diocesi di Ripatransone :$bpagine di storia religiosa marchigiana (sec. 16.) /$cGiovanni Papa. 260 $aFano :$bStudia Picena,$c1976. 300 $a200 p., [6] p. di tav. ;$c26 cm. 490 0 $aFonti e studi ;$v3 830 0$aFonti e studi ;$v3.$0(OLS)http://semarc/title/27874 850 $aSeMil 852 $aSeMil$W1$xVenegono$y1$m3A IV 148$j129627$B129627$CSeMilBibl$Z2$F141114 $81 996 $6245$aL'erezione della Diocesi di Ripatransone :$bpagine di storia religiosa marchigiana (sec. 16.)$9(OLS)http://semarc/title/256895 996 $6260$aFano :$bStudia Picena$9(OLS)http://semarc/publisher/35455